The junior classics : (Record no. 147796)

MARC details
000 -LEADER
fixed length control field 00567nam a22001937a 4500
005 - DATE AND TIME OF LATEST TRANSACTION
control field 20171129141913.0
010 ## - LCCN (DPL NO)
LC control number ENG-121667
020 ## - INTERNATIONAL STANDARD BOOK NUMBER
International Standard Book Number 9789386367655
Terms of availability 695.00
035 ## - SYSTEM CONTROL NUMBER
System control number EN-105199
037 ## - SOURCE OF ACQUISITION
Source of stock number/acquisition Alpna Edition
Stock number dpl
037 ## - SOURCE OF ACQUISITION
Source of stock number/acquisition DBAD/PUB
082 ## - DEWEY DECIMAL CLASSIFICATION NUMBER
Classification number S
100 ## - MAIN ENTRY--PERSONAL NAME
Personal name Patten, William
245 ## - TITLE STATEMENT
Title The junior classics :
Statement of responsibility, etc by William Patten
Remainder of title stories that never grow old /
260 ## - PUBLICATION, DISTRIBUTION, ETC. (IMPRINT)
Place of publication, distribution, etc New Delhi
Name of publisher, distributor, etc Alpna Edition
Date of publication, distribution, etc 2017
270 ## - ADDRESS
Address 2/41, Ansari Road, Darya Ganj,
City New Delhi
Postal code 110002
300 ## - PHYSICAL DESCRIPTION
Extent vii,454p.
Dimensions 23cm(pbk)
942 ## - ADDED ENTRY ELEMENTS (KOHA)
Source of classification or shelving scheme Dewey Decimal Classification
Item type English Books
Call number suffix PAT
Classification part S
Holdings
Withdrawn status Lost status Not for loan Collection code Home library Current library Date acquired Source of acquisition Cost, normal purchase price Full call number Barcode Copy number Cost, replacement price Koha item type
      Fiction Patel Nagar Patel Nagar 29/11/2017 DBAD/PUB 695.00 S PAT EN-105199 1 695.00 English Books

© Delhi Public Library
Hit Counter
free hit counter